[Event "Zt"]
[Site "Bad Pyrmont (Germany)"]
[Round "3"]
[White "Golombek Harry (ENG)"]
[Black "Prins Lodewijk (NED)"]
[Result "1/2-1/2"]
[WhiteElo "2320"]
[BlackElo "2220"]

1.d4 Nf6 2.c4 d6 3.Nc3 Bf5 4.f3 e5 5.dxe5 dxe5 6.Qxd8+ Kxd8 7.e4 Be6 8.Bg5 c6
9.f4 Kc7 10.f5 Bc8 11.Nf3 Bb4 12.Bd3 Bxc3+ 13.bxc3 Nfd7 14.Be3 f6 15.g4 Na6
16.g5 Nac5 17.Bc2 b6 18.Rg1 Ba6 19.Nd2 Raf8 20.gxf6 gxf6 21.Kf2 Rf7 22.Rg4 Nb7
23.Rag1 Nd6 24.Bb3 c5 25.Rg7 Rhf8 26.Bh6 Rxg7 27.Rxg7 Rf7 28.Ba4 Rxg7 29.Bxg7
Nxc4 30.Nxc4 Bxc4 31.Bxd7 Kxd7 32.Bxf6 Bxa2 33.Bxe5 Bc4 34.Ke3 a5 35.Kd2 a4
36.Kc2 a3 37.Bg7 Ke7 38.Bh6 b5 39.Be3 Kd6 40.e5+ Kc6 41.Bd2 Bd5 42.e6 Be4+
43.Kb3 Bxf5 44.e7 Bg6 45.Kxa3 Kd5 46.Kb3 Bf7 47.Kb2 Ke4 {#d} 1/2-1/2

[Event "It \"]
[Site "Moscow (Russia)"]
[Round "2"]
[White "Milev Zdravko (BUL)"]
[Black "Larsen Bent (DEN)"]
[Result "1/2-1/2"]
[WhiteElo "2230"]
[BlackElo "2415"]

1.d4 Nf6 2.c4 d6 3.Nc3 Bf5 4.f3 e5 5.dxe5 dxe5 6.Qxd8+ Kxd8 7.e4 Be6 8.Be3 c6
9.O-O-O+ Kc7 10.Be2 Na6 11.f4 Ng4 12.Bxg4 Bxg4 13.Nf3 Bc5 14.Bxc5 Nxc5 15.fxe5
Nd7 16.b3 Rae8 17.Rdf1 Bh5 18.Nh4 Rxe5 19.g4 Bxg4 20.Rxf7 g6 21.Rg1 Be6 22.Re7
Kd8 23.Rg7 Ke8 24.Nf3 Rh5 25.Ng5 Rxg5 26.Rxg5 Kf8 27.Rxd7 Bxd7 28.Kd2 Ke7
29.Ke3 Rf8 30.Rg1 Bh3 31.c5 Be6 32.Ne2 b6 33.Rc1 b5 {#d} 1/2-1/2

[Event "Memorial M.Chigorin"]
[Site "Sochi (Russia)"]
[Round "1"]
[White "Garcia Gonzales Guillermo (CUB)"]
[Black "Gheorghiu Florin (ROM)"]
[Result "1-0"]
[WhiteElo "2510"]
[BlackElo "2383"]

1.d4 Nf6 2.c4 d6 3.Nc3 Bf5 4.f3 e5 5.e4 exd4 6.Qxd4 Nc6 7.Qf2 Be6 8.Nd5 Ne5
9.Qc2 g6 10.Bg5 Bg7 11.O-O-O Nxd5 12.Bxd8 Ne3 13.Qb3 Nxf1 14.Bg5 Bxc4 15.Qa3
h6 16.Bh4 O-O 17.Nh3 b5 18.Rhxf1 Bxf1 19.Rxf1 Nc4 20.Qa6 Bxb2+ 21.Kc2 Bg7
22.Bf2 c6 23.Nf4 Rfe8 24.Re1 Rac8 25.Nd3 Rc7 26.Kd1 Nb6 27.Ke2 Na4 28.Kf1 Bc3
29.Re2 Rb8 30.Rc2 Rbc8 31.Be3 g5 32.Nc1 Bg7 33.Ne2 {#r} 1-0

[Event "Olympiad"]
[Site "Tel Aviv (Israel)"]
[Round "4"]
[White "Kraidman Yair (ISR)"]
[Black "Gheorghiu Florin (ROM)"]
[Result "1/2-1/2"]
[WhiteElo "2267"]
[BlackElo "2383"]

1.d4 Nf6 2.c4 d6 3.Nc3 Bf5 4.f3 e5 5.Bg5 Be7 6.e4 exd4 7.Nb5 Bg6 8.Nxd4 O-O
9.Bd3 Nbd7 10.Nge2 c6 11.O-O d5 12.exd5 cxd5 13.Bxg6 hxg6 14.Bxf6 Bxf6 15.cxd5
Nb6 16.Qb3 Re8 17.Rfd1 Nxd5 18.Rd3 Qa5 19.Rad1 Nb4 20.R3d2 Rad8 21.a3 Nc6
22.Nxc6 Qxd2 23.Rxd2 Rxd2 24.Qxb7 Rxb2 25.Qd7 Rbxe2 26.f4 R8e3 27.Ne5 {#d}
1/2-1/2

[Event "Olympiad"]
[Site "Tel Aviv (Israel)"]
[Round "7"]
[White "Szabo Laszlo (HUN)"]
[Black "Gheorghiu Florin (ROM)"]
[Result "1-0"]
[WhiteElo "1903"]
[BlackElo "2383"]

1.d4 Nf6 2.c4 d6 3.Nc3 Bf5 4.f3 e5 5.e4 exd4 6.Qxd4 Nc6 7.Qd2 Be6 8.b3 Be7
9.Nge2 O-O 10.Ng3 Nd7 11.Nd5 Bh4 12.Be2 f5 13.exf5 Bxf5 14.O-O Bg6 15.Bb2 Nc5
16.Rad1 a5 17.Qc3 Qd7 18.f4 Bxg3 19.Qxg3 Ne4 20.Qh4 Rae8 21.Bg4 Bf5 22.Bf3 Nc5
23.Qg3 Kh8 24.Bh5 Re6 25.Ne3 Ne4 26.Qf3 Re7 27.Nd5 Re6 28.g4 Bg6 29.f5 Ree8
30.Bxg6 hxg6 31.Qh3+ Kg8 32.fxg6 Ng5 33.Qh5 {#r} 1-0

[Event "It"]
[Site "Palma de Majorca (Spain)"]
[Round "9"]
[White "Visier Segovia Fernando (ESP)"]
[Black "Tal Mikhail N (LAT)"]
[Result "0-1"]
[WhiteElo "2233"]
[BlackElo "2520"]

1.d4 Nf6 2.c4 d6 3.Nc3 Bf5 4.f3 e5 5.dxe5 dxe5 6.Qxd8+ Kxd8 7.Bg5 c6 8.O-O-O+
Kc7 9.g3 Be6 10.b3 Bc5 11.Bh3 Bxg1 12.Rhxg1 Bxh3 13.g4 h5 14.Rg3 hxg4 15.fxg4
Nbd7 {#R} 0-1

[Event "Zt"]
[Site "Rio Hondo (Argentina)"]
[Round "0"]
[White "Godoy David A (CHI)"]
[Black "Bolbochan Julio (ARG)"]
[Result "0-1"]
[WhiteElo "2339"]
[BlackElo "2440"]

1.d4 Nf6 2.c4 d6 3.Nc3 Bf5 4.f3 e5 5.dxe5 dxe5 6.Qxd8+ Kxd8 7.e4 Be6 8.Be3 c6
9.O-O-O+ Kc7 10.g4 Na6 11.h3 Bc5 12.Bxc5 Nxc5 13.Rh2 a5 14.b3 h5 15.g5 Nh7
16.h4 Rhd8 17.Rhd2 Rxd2 18.Kxd2 Nf8 19.Ke3 Ng6 20.Rd2 Rh8 21.Nge2 Nxh4 22.f4
Bg4 {#R} 0-1

[Event "Tournament"]
[Site "Vilnius (Lithuania)"]
[Round "2"]
[White "Nei Iivo (EST)"]
[Black "Mikenas Vladas I (EST)"]
[Result "1-0"]
[WhiteElo "2369"]
[BlackElo "2405"]

1.d4 Nf6 2.c4 d6 3.Nc3 Bf5 4.f3 e5 5.e4 exd4 6.Qxd4 Nc6 7.Qd2 Be6 8.b3 Be7
9.Bb2 Nd7 10.Nd5 O-O 11.Bd3 Bg5 12.f4 Bh6 13.Ne2 Nc5 14.Bc2 a5 15.O-O Re8
16.Ng3 a4 17.Kh1 Ne7 18.Ne3 f6 19.Rad1 axb3 20.axb3 Ra2 21.Qc3 Bd7 22.Bb1 Ra6
23.Nh5 Ng6 24.Nf5 Bxf5 25.exf5 Nf8 26.Rfe1 Ra8 27.Qg3 Ncd7 28.Qf3 c6 29.g4 Qa5
30.Rg1 g5 31.Bxf6 Nxf6 32.Nxf6+ Kf7 33.Nxe8 Rxe8 34.Rxd6 Re1 35.Rxh6 gxf4
36.Rh3 {#r} 1-0

[Event "Ch Yugoslavia"]
[Site "Kraljevo (Yugoslavia)"]
[Round "0"]
[White "Ivkov Borislav (SRB)"]
[Black "Sokolov Vladimir (SRB)"]
[Result "1/2-1/2"]
[WhiteElo "2416"]
[BlackElo "2310"]

1.d4 Nf6 2.c4 d6 3.Nc3 Bf5 4.f3 e5 5.e4 exd4 6.Qxd4 Nc6 7.Qd2 Be6 8.b3 g6
9.Bb2 Bg7 10.Nge2 O-O 11.g3 Ne5 12.Bg2 Bxc4 13.bxc4 Nxc4 14.Qc2 c6 15.Nd1 d5
16.Bc3 b5 17.O-O Re8 18.exd5 Nxd5 19.Bxg7 Kxg7 20.Nf2 Kg8 21.Rfe1 Qb6 22.Nc3
Nb4 23.Qb3 Nd3 24.Ne4 Rxe4 25.Qxd3 {#d} 1/2-1/2

[Event "It (w)"]
[Site "Ukraine"]
[Round "11"]
[White "Kozlovskaya Valentina (RUS)"]
[Black "Gaprindashvili Nona (GEO)"]
[Result "1/2-1/2"]
[WhiteElo "2281"]
[BlackElo "2360"]

1.d4 Nf6 2.c4 d6 3.Nc3 Bf5 4.f3 e5 5.dxe5 dxe5 6.Qxd8+ Kxd8 7.e4 Be6 8.Bg5 Kc8
9.O-O-O Nfd7 10.g3 f6 11.Be3 Nb6 12.Nd5 N8d7 13.Kb1 c6 14.Nxb6+ axb6 15.Bh3
Bxh3 16.Nxh3 Bc5 17.Rhe1 Kc7 18.Nf2 Rhd8 19.f4 Bxe3 20.Rxe3 Nc5 21.Rxd8 Rxd8
22.Kc2 exf4 23.gxf4 Ne6 24.Nd3 g5 25.fxg5 fxg5 26.Rh3 Rd7 27.Rh6 Nd4+ 28.Kd2
Re7 29.Nf2 Nf3+ 30.Kc3 {#d} 1/2-1/2

[Event "Ch BRD"]
[Site "Oberursel (Germany)"]
[Round "0"]
[White "Rostalski Walter (GER)"]
[Black "Mueller Rudolf (GER)"]
[Result "1/2-1/2"]
[WhiteElo "2230"]
[BlackElo "2190"]

1.d4 Nf6 2.c4 d6 3.Nc3 Bf5 4.f3 e5 5.e4 exd4 6.Qxd4 Be6 7.Be3 Nc6 8.Qd2 Be7
9.b3 O-O 10.Nge2 Ne5 11.Nf4 c6 12.Be2 Qa5 13.O-O Kh8 14.h3 Rad8 15.a3 a6 16.b4
Qc7 17.Nxe6 fxe6 18.f4 Ng6 19.Rac1 Qb8 20.Bb6 Rd7 21.Qe3 Bd8 22.Bxd8 Rfxd8
23.f5 exf5 24.exf5 Ne5 25.Na4 b5 26.Nb2 d5 27.cxd5 cxd5 28.Qd4 Ne4 29.Bd3 Nd2
30.Rce1 Nxd3 31.Nxd3 Nxf1 32.Rxf1 Rf8 33.Nc5 Rd6 34.Ne6 Rf7 35.Qe5 Qb6+ 36.Kh2
Rxe6 37.fxe6 Rxf1 38.e7 Qg1+ 39.Kg3 Qf2+ 40.Kh2 Qg1+ 41.Kg3 {#d} 1/2-1/2

[Event "?"]
[Site "Plovdiv (Bulgaria)"]
[Round "0"]
[White "Popov Luben (BUL)"]
[Black "Benoit Michel (FRA)"]
[Result "1-0"]
[WhiteElo "2470"]
[BlackElo "2205"]

1.d4 Nf6 2.c4 d6 3.Nc3 Bf5 4.f3 e5 5.e4 exd4 6.Qxd4 Be6 7.Be3 Nc6 8.Qd2 Ne5
9.b3 Be7 10.Nge2 Nh5 11.O-O-O c6 12.f4 Ng4 13.Bd4 f5 14.exf5 Bxf5 15.h3 d5
16.c5 Ngf6 17.g4 Be6 18.Rg1 b6 19.gxh5 bxc5 20.Bxf6 {#r} 1-0

[Event "Tournament (team)"]
[Site "Milan (Italy)"]
[Round "0"]
[White "Toth Bela (ITA)"]
[Black "Benoit Michel (FRA)"]
[Result "1-0"]
[WhiteElo "2385"]
[BlackElo "2205"]

1.d4 Nf6 2.c4 d6 3.Nc3 Bf5 4.f3 e5 5.e4 exd4 6.Nb5 Bd7 7.Nxd4 Nc6 8.Nge2 g6
9.Be3 Bg7 10.Qd2 a6 11.Nc3 O-O 12.Be2 Re8 13.O-O Ne5 14.Rad1 Qb8 15.h3 b5
16.cxb5 axb5 17.Ndxb5 Bxb5 18.Bxb5 c6 19.Be2 d5 20.exd5 cxd5 21.b3 Nc6 22.Bb5
Re6 23.Bxc6 Rxc6 24.Bd4 Qg3 25.Rfe1 Ne4 26.Nxe4 Bxd4+ 27.Qxd4 dxe4 28.Qxe4
Rxa2 29.Re2 Re6 30.Qxe6 fxe6 31.Rxa2 Qb8 32.Rd7 Qc8 33.Rad2 Qc5+ 34.Kh1 h5
35.f4 e5 36.fxe5 Qxe5 37.Rd1 Qb5 38.Rc7 Qb8 39.Rdd7 Qf8 40.Rg7+ Kh8 41.Rh7+
Kg8 42.Rcg7+ Qxg7 43.Rxg7+ Kxg7 44.Kg1 Kf6 45.Kf2 Ke5 46.Ke3 {#r} 1-0

[Event "It (open)"]
[Site "Sandomier (Poland)"]
[Round "8"]
[White "Schmidt Wlodzimierz (POL)"]
[Black "Doda Zbigniew (POL)"]
[Result "1/2-1/2"]
[WhiteElo "2485"]
[BlackElo "2405"]

1.c4 Nf6 2.Nc3 d6 3.d4 Bf5 4.f3 e5 5.d5 e4 6.g4 Nxg4 7.fxg4 Qh4+ 8.Kd2 e3+
9.Kxe3 Qg5+ 10.Kf2 Qh4+ 11.Ke3 Qg5+ 12.Kf2 {#d} 1/2-1/2

[Event "It"]
[Site "Sochi (Russia)"]
[Round "0"]
[White "Krogius Nikolai V (RUS)"]
[Black "Suba Mihai (ROM)"]
[Result "1-0"]
[WhiteElo "2545"]
[BlackElo "2455"]

1.d4 Nf6 2.c4 d6 3.Nc3 Bf5 4.f3 e5 5.e4 exd4 6.Qxd4 Nc6 7.Qd2 Be6 8.b3 g6
9.Bb2 Bg7 10.Bd3 O-O 11.Nge2 a6 12.O-O Ne5 13.Rad1 Nxd3 14.Qxd3 Nd7 15.Nd4 Re8
16.Qc2 Qb8 17.Kh1 Qa7 18.Nf5 gxf5 19.exf5 Qe3 20.fxe6 fxe6 21.f4 Qc5 22.Ne4
Qf5 23.Bxg7 Kxg7 24.g4 Qf7 25.Qc3+ Kg8 26.f5 e5 27.g5 Qh5 28.c5 Qe2 29.Rde1
Qb5 30.cxd6 c6 31.Qh3 {#r} 1-0

[Event "It"]
[Site "Brighton (England)"]
[Round "0"]
[White "Blackstock Lesly S F (SCO)"]
[Black "McDonald-Ross Michael (SCO)"]
[Result "1-0"]
[WhiteElo "2340"]
[BlackElo "2169"]

1.c4 d6 2.d4 Nf6 3.Nc3 Bf5 4.f3 e5 5.e4 exd4 6.Qxd4 Nc6 7.Qd2 Be6 8.b3 g6
9.Bb2 Bg7 10.Nge2 O-O 11.g3 Nd7 12.Bg2 Nc5 13.O-O a5 14.Nd5 Bxb2 15.Qxb2 f5
16.exf5 Bxf5 17.Qc3 Rf7 18.a3 Qf8 19.b4 Bd3 20.bxc5 Bxe2 21.Rf2 dxc5 22.Rxe2
Nd4 23.Re3 c6 24.Nf4 a4 25.Rae1 b5 26.cxb5 cxb5 27.Ne6 b4 28.Qc4 Nxe6 29.Rxe6
Kg7 30.f4 Rd8 31.R6e5 bxa3 32.Qxa4 c4 33.Qxc4 Rc8 34.Qd4 Kh6 35.Bd5 Rd7 36.g4
a2 37.g5+ {#r} 1-0

[Event "Cup Rilton"]
[Site "Stockholm (Sweden)"]
[Round "0"]
[White "Petursson Margeir (ISL)"]
[Black "Schussler Harry (SWE)"]
[Result "1/2-1/2"]
[WhiteElo "2425"]
[BlackElo "2420"]

1.d4 Nf6 2.c4 d6 3.Nc3 Bf5 4.f3 e5 5.e4 exd4 6.Qxd4 Nc6 7.Qd2 Bg6 8.b3 Be7
9.Nh3 Nd7 10.Be2 O-O 11.O-O Bf6 12.Bb2 Bd4+ 13.Kh1 f5 14.Ng5 Nc5 15.b4 f4
16.bxc5 Qxg5 17.cxd6 cxd6 18.Nb5 Bxb2 19.Qxb2 Qe5 20.Qxe5 dxe5 21.c5 Bf7
22.Rfb1 b6 23.cxb6 axb6 24.Rc1 Nd4 25.Nxd4 exd4 26.Bc4 Bxc4 27.Rxc4 Rfd8
28.Rc2 d3 29.Rd2 Rac8 30.Kg1 Kf7 31.Rad1 Rc3 32.Kf2 Rc2 33.Ke1 Ra8 34.Rxc2
dxc2 35.Rc1 Rxa2 36.Kd2 Ra7 37.Rxc2 g6 38.Kd3 h5 39.Kd4 g5 40.Ke5 Ra5+ 41.Kd6
Kf6 42.Re2 Re5 43.Rb2 g4 44.Rxb6 Ra5 45.h4 gxh3 46.gxh3 Ra3 47.e5+ Kf5 48.e6
Kf6 49.Kd7 Ra7+ 50.Kd6 Ra3 51.Kd7 Ra7+ 52.Kd6 {#d} 1/2-1/2

[Event "?"]
[Site "Bologna (Italy)"]
[Round "0"]
[White "Magalotti Andrea (ITA)"]
[Black "Pantaleoni Claudio (ITA)"]
[Result "0-1"]
[WhiteElo "2135"]
[BlackElo "2166"]

1.d4 Nf6 2.c4 d6 3.Nc3 Bf5 4.f3 e5 5.d5 e4 6.Bg5 Be7 7.g4 Bg6 8.h4 h6 9.Bf4
Nbd7 10.Nh3 a5 11.Nf2 Nc5 12.Qd4 exf3 13.exf3 Nfd7 14.O-O-O Nb3+ 15.axb3 Nc5
16.Qxc5 dxc5 17.Nb5 Bd6 18.Re1+ Kf8 19.Bxd6+ cxd6 20.Bd3 Bxd3 21.Nxd3 g6
22.Nf4 Qf6 23.Re4 Re8 24.Rhe1 Rxe4 25.Rxe4 g5 26.Nh5 Qxf3 27.Nxd6 Qh1+ {#R}
0-1

[Event "Zt"]
[Site "Marbella (Spain)"]
[Round "0"]
[White "Meulders Richard (BEL)"]
[Black "Mestel A Jonathan (ENG)"]
[Result "0-1"]
[WhiteElo "2350"]
[BlackElo "2540"]

1.d4 Nf6 2.c4 d6 3.Nc3 Bf5 4.f3 e5 5.dxe5 dxe5 6.Qxd8+ Kxd8 7.e4 Be6 8.Be3 c6
9.O-O-O+ Kc7 10.g3 Na6 11.b3 Ba3+ 12.Kb1 Rhd8 13.Nge2 Rxd1+ 14.Nxd1 Rd8
15.Nec3 Bc5 16.Be2 Bc8 17.Bc1 Bd4 18.Na4 Nd7 19.Ne3 Nac5 20.Nxc5 Nxc5 21.Nf5
Bxf5 22.exf5 a5 23.Kc2 f6 24.Bd2 b6 25.Rd1 g6 26.fxg6 hxg6 27.Rh1 Rh8 28.Be1
Be3 29.h4 Ne6 30.Kb1 f5 31.Bc3 Bd4 32.Be1 Kd6 33.Bd1 Be3 34.Rh2 Nd4 35.Bc3 c5
36.Be1 e4 37.fxe4 fxe4 38.Bc2 Ke5 39.Bc3 Rf8 40.Rh1 Bf2 41.h5 g5 42.Rf1 e3
43.Bd3 Rh8 44.Be1 Rxh5 45.Bxf2 exf2 46.Rxf2 Rh1+ 47.Kb2 Rg1 48.Rf8 Rxg3 49.Bh7
Rh3 50.Bb1 Rh2+ 51.Kc3 g4 52.Re8+ Ne6 53.Be4 g3 54.Bd5 Rh6 55.Kd2 Rg6 56.Bg2
Kf4 57.Ke2 Rf6 58.Kf1 Kg4+ 59.Ke1 Nf4 60.Bd5 Nxd5 61.cxd5 g2 62.Rg8+ Kf3
63.Rg7 Rf5 {#R} 0-1

[Event "It"]
[Site "Bayamo (Cuba)"]
[Round "0"]
[White "Garcia Palermo Carlos (ITA)"]
[Black "Lebredo Gerardo (CUB)"]
[Result "0-1"]
[WhiteElo "2455"]
[BlackElo "2350"]

1.d4 Nf6 2.c4 d6 3.Nc3 Bf5 4.f3 e5 5.e4 exd4 6.Qxd4 Nc6 7.Qd2 Be6 8.b3 g6
9.Bb2 Bg7 10.Bd3 O-O 11.Nge2 a5 12.O-O Ne5 13.Rad1 a4 14.Nd4 axb3 15.axb3 Nh5
16.f4 Nc6 17.Nxc6 bxc6 18.Na4 Qb8 19.Bxg7 Nxg7 20.Bc2 f5 21.Qc3 fxe4 22.Bxe4
Ra6 23.g3 Qe8 24.Rfe1 Qf7 25.Qb4 d5 26.cxd5 cxd5 27.Bxd5 g5 28.Nc5 Bxd5
29.Nxa6 gxf4 30.Qxf4 Qh5 31.Qe5 Rf1+ 32.Rxf1 Qxe5 33.Nxc7 Qe3+ 34.Rf2 Bc6
35.Rd8+ Ne8 36.Nxe8 Bxe8 37.b4 Kg7 38.Rd2 Bb5 39.Kg2 Bc6+ 40.Kh3 Qe5 41.g4 h5
42.gxh5 Qxh5+ 43.Kg3 Qg5+ 44.Kh3 Be4 45.Rg2 Bf5+ {#R} 0-1

[Event "Ch Cuba"]
[Site "Sagua la Grande (Cuba)"]
[Round "0"]
[White "Garcia Gonzales Guillermo (CUB)"]
[Black "Lebredo Gerardo (CUB)"]
[Result "1-0"]
[WhiteElo "2495"]
[BlackElo "2350"]

1.d4 Nf6 2.c4 d6 3.Nc3 Bf5 4.f3 e5 5.e4 exd4 6.Qxd4 Nc6 7.Qd2 Be6 8.b3 g6
9.Bb2 Bg7 10.Bd3 O-O 11.Nge2 a5 12.O-O Nd7 13.Nd5 Bxb2 14.Qxb2 Bxd5 15.cxd5
Nce5 16.Bc2 Qf6 17.Qc3 Nc5 18.Qd2 Qg7 19.f4 Ned7 20.Nc3 Rfe8 21.Rae1 Re7 22.a3
a4 23.b4 Nb3 24.Bxb3 axb3 25.Nb5 Nf6 26.e5 dxe5 27.fxe5 Nxd5 28.Qxd5 c6 29.Qc5
{#r} 1-0

[Event "Ch Moscow"]
[Site "Moscow (Russia)"]
[Round "0"]
[White "Andrianov Nikolai (RUS)"]
[Black "Vasiukov Evgeni (RUS)"]
[Result "1/2-1/2"]
[WhiteElo "2400"]
[BlackElo "2460"]

1.d4 Nf6 2.c4 d6 3.Nc3 Bf5 4.f3 e5 5.e4 exd4 6.Qxd4 Nc6 7.Qd2 Be6 8.b3 g6
9.Bb2 Bg7 10.Bd3 O-O 11.Nge2 Nd7 12.O-O Nc5 13.f4 Nxd3 14.Qxd3 f5 15.exf5 Bxf5
16.Qd2 Qf6 17.Rae1 Rae8 18.Nd1 Qf7 19.Bxg7 {#d} 1/2-1/2

[Event "It \"]
[Site "Trnava (Slovakia)"]
[Round "8"]
[White "Cervenka Imrich (SVK)"]
[Black "Moehring Guenther (GER)"]
[Result "0-1"]
[WhiteElo "2190"]
[BlackElo "2294"]

1.d4 Nf6 2.c4 d6 3.Nc3 Bf5 4.f3 e5 5.dxe5 dxe5 6.Qxd8+ Kxd8 7.e4 Be6 8.Be3 Na6
9.a3 Nc5 10.O-O-O+ Kc8 11.b4 Nb3+ 12.Kb2 Nd4 13.Nge2 a5 14.b5 Bxa3+ 15.Kb1 Nb3
16.Ka2 Bc5 17.Bxc5 Nxc5 18.Nd5 Bxd5 19.cxd5 b6 20.Nc3 Ne8 21.Ka3 Nd6 22.Bd3
Kb7 23.Rd2 Rae8 24.Rb1 h5 25.Na4 Nxa4 26.Kxa4 h4 27.Rc1 Re7 28.Rc6 g6 29.Rcc2
Rf8 30.h3 f5 31.Re2 fxe4 32.Bxe4 Rf4 33.Ka3 Nxb5+ 34.Kb2 Nd6 {#R} 0-1

[Event "It (open)"]
[Site "Holon (Israel)"]
[Round "0"]
[White "Kuligowski Adam (POL)"]
[Black "Liss Gideon (ISR)"]
[Result "1-0"]
[WhiteElo "2385"]
[BlackElo "2160"]

1.c4 Nf6 2.Nc3 d6 3.d4 Bf5 4.f3 e5 5.e4 exd4 6.Qxd4 Nc6 7.Qd2 Be6 8.b3 Be7
9.Bd3 O-O 10.Nge2 Nd7 11.O-O Nc5 12.Ba3 Nxd3 13.Qxd3 Ne5 14.Qd4 c5 15.Qd2 f5
16.Rad1 Qa5 17.Nd5 Qxd2 18.Nxe7+ Kf7 19.Rxd2 Kxe7 20.exf5 Bxf5 21.Rfd1 Nf7
22.Nc3 Rfd8 23.Nd5+ Kf8 24.Kf2 a6 25.Nb6 Rab8 26.g4 Bg6 27.h3 Kg8 28.Bb2 Re8
29.h4 h5 30.Rg1 Ne5 31.gxh5 Bf5 32.Rxd6 Nd3+ 33.Rxd3 Bxd3 34.Rxg7+ Kh8 35.Rd7+
Kg8 36.Rxd3 Rbd8 37.Nd7 Kf7 38.Rd5 Re6 39.Ne5+ Ke8 40.Ng4 b5 41.h6 {#r} 1-0

[Event "?"]
[Site "Lugano (Switzerland)"]
[Round "0"]
[White "Gheorghiu Florin (ROM)"]
[Black "Frenkel Filipp (USA)"]
[Result "1-0"]
[WhiteElo "2555"]
[BlackElo "2230"]

1.d4 Nf6 2.c4 d6 3.Nc3 Bf5 4.f3 e5 5.e4 exd4 6.Qxd4 Nc6 7.Qd2 Be6 8.b3 g6
9.Nge2 Bg7 10.Nf4 Nd7 11.Bb2 Nce5 12.Be2 Nc5 13.O-O O-O 14.Rad1 a5 15.Kh1 Qh4
16.Nfd5 Na6 17.Ne3 f5 18.g3 Qh6 19.exf5 gxf5 20.f4 Nd7 21.Bf3 Ndc5 22.Ncd5
Bxb2 23.Qxb2 Rf7 24.g4 Qg7 25.Qd2 Ne4 26.Qc2 Bxd5 27.Nxd5 Kf8 28.gxf5 Nec5
29.Rg1 Qh8 30.Rg5 c6 31.Rdg1 cxd5 32.Bxd5 Nb4 33.Qg2 Nxd5 34.Rg8+ Ke7 35.Rxh8
Rxh8 36.Qxd5 Rhf8 37.Re1+ Kd7 38.Re6 Rxf5 39.Qxd6+ Kc8 40.Re7 {#r} 1-0

[Event "Ch URS (1/2 final)"]
[Site "Sevastopol (Ukraine)"]
[Round "0"]
[White "Avshalumov Alex (RUS)"]
[Black "Ilinsky Vladimir (KGZ)"]
[Result "1-0"]
[WhiteElo "2475"]
[BlackElo "2291"]

1.d4 Nf6 2.c4 d6 3.Nc3 Bf5 4.f3 e5 5.d5 e4 6.Qd4 exf3 7.gxf3 c5 8.Qf2 g6 9.e4
Bc8 10.Nge2 Nbd7 11.Ng3 h5 12.h4 Nh7 13.Bd2 Ne5 14.O-O-O Be7 15.f4 Ng4 16.Qg2
a6 17.Bd3 Nf8 18.e5 dxe5 19.f5 Bxh4 20.fxg6 fxg6 21.Nce4 Be7 22.Bc2 Qb6 23.d6
Bd8 24.Rhf1 Be6 25.d7+ Bxd7 26.Ba5 Bg5+ 27.Kb1 Qxa5 28.Nd6+ Kd8 29.Nxb7+ Kc7
30.Nxa5 Rb8 31.Qd5 Be7 32.Rxf8 {#r} 1-0

[Event "It (open) \"]
[Site "Chicago (USA)"]
[Round "5"]
[White "Bereolos Peter (USA)"]
[Black "Shirazi Kamran (FRA)"]
[Result "0-1"]
[WhiteElo "2320"]
[BlackElo "2376"]

1.d4 Nf6 2.c4 d6 3.Nc3 Bf5 4.f3 e5 5.dxe5 dxe5 6.Qxd8+ Kxd8 7.e4 Be6 8.Bg5 c6
9.Bd3 Nd7 10.O-O-O h6 11.Be3 Bc5 12.Bxc5 Nxc5 13.Bc2+ Kc7 14.b3 a6 15.b4 Ncd7
16.c5 a5 17.a3 axb4 18.axb4 Nb8 19.Bd3 Na6 20.Bxa6 Rxa6 21.Nge2 Bb3 22.Rde1 b6
23.Kb2 Bc4 24.Ra1 bxc5 25.Rxa6 Bxa6 26.bxc5 Nd7 27.Ra1 Nxc5 28.Nc1 Rb8+ 29.Kc2
Bf1 30.N1e2 Bxg2 31.Rg1 Bxf3 32.Rxg7 Bh5 33.Rh7 Nxe4 34.Rxh6 Nxc3 35.Nxc3 Bg6+
36.Kc1 Rd8 37.h4 Rd4 38.Ne2 Rd3 39.Ng1 c5 40.Rh8 Rg3 41.Ne2 Rh3 42.Re8 Kd6
43.Rd8+ Kc6 44.Re8 Kd5 45.Rh8 Ke4 46.Kd2 Rh2 47.h5 Kf3 {#R} 0-1

[Event "Bundesliga 1986/87"]
[Site "Germany"]
[Round "0"]
[White "Muender Michael (GER)"]
[Black "Haefner Thomas (GER)"]
[Result "0-1"]
[WhiteElo "2265"]
[BlackElo "2345"]

1.d4 Nf6 2.c4 d6 3.Nc3 Bf5 4.f3 e5 5.dxe5 dxe5 6.Qxd8+ Kxd8 7.e4 Be6 8.Be3 c6
9.g4 Kc7 10.Nh3 h6 11.Nf2 Nbd7 12.Rc1 Rd8 13.Be2 Kb8 14.O-O b6 15.Na4 Ne8
16.Rfd1 Nc7 17.Rc2 Be7 18.Nd3 f6 19.b4 Bf7 20.c5 b5 21.Nc3 Nf8 22.Rcd2 Nce6
23.Nf2 Ng6 24.Nd5 cxd5 25.exd5 Nef4 26.d6 Nxe2+ 27.Rxe2 Bf8 28.Red2 Nh4 29.c6
Kc8 30.Rd3 Bc4 31.d7+ Kc7 32.Ra3 Nxf3+ 33.Kg2 Nd4 34.Rxa7+ Kxc6 {#R} 0-1

[Event "It (open)"]
[Site "Los Angeles (USA)"]
[Round "0"]
[White "Silman Jeremy D (USA)"]
[Black "Shirazi Kamran (FRA)"]
[Result "1/2-1/2"]
[WhiteElo "2383"]
[BlackElo "2376"]

1.d4 Nf6 2.c4 d6 3.Nc3 Bf5 4.f3 e5 5.d5 e4 6.e3 h5 7.Nge2 h4 8.Nd4 Bg6 9.f4 c5
10.Nc2 Nbd7 11.Be2 Bf5 12.Kd2 Nb6 13.g4 hxg3 14.hxg3 Rxh1 15.Qxh1 Qd7 16.a4
O-O-O 17.b3 g6 18.Bb2 Bg7 19.Qg2 Bh3 20.Qf2 Ng4 21.Bxg4 Bxg4 22.Rh1 Bh5 23.Kc1
Re8 24.Na3 Kb8 25.Nab1 Qe7 26.Nd2 Nd7 27.Ncxe4 Bxb2+ 28.Kxb2 f5 29.Nc3 Qxe3
30.Qxe3 Rxe3 31.Nb5 Re7 32.Nxd6 Nf6 33.Nb5 a6 34.Nc3 Re3 35.Rg1 Bg4 36.a5 Kc7
37.Nd1 Re2 38.Kc3 Ne4+ 39.Nxe4 fxe4 40.Rf1 Kd6 41.Nf2 Bf5 42.g4 Bd7 43.f5 gxf5
44.gxf5 Bxf5 45.Nd1 Ke5 46.b4 Ra2 47.bxc5 Rxa5 48.Kb4 Ra1 49.Ne3 Rxf1 50.Nxf1
Kd4 51.Ng3 Bg4 52.Nxe4 Kxe4 53.c6 bxc6 54.dxc6 Kd4 55.c7 Bc8 56.c5 {#d}
1/2-1/2

[Event "It (open)"]
[Site "Boston (USA)"]
[Round "0"]
[White "Koepcke Richard (USA)"]
[Black "Shirazi Kamran (FRA)"]
[Result "0-1"]
[WhiteElo "2261"]
[BlackElo "2376"]

1.d4 Nf6 2.c4 d6 3.Nc3 Bf5 4.f3 e5 5.e4 exd4 6.Qxd4 Be6 7.Be3 Nbd7 8.Be2 g6
9.Qd2 Bg7 10.g4 O-O 11.h4 Ne5 12.b3 c6 13.Rc1 d5 14.g5 Nh5 15.cxd5 cxd5 16.f4
d4 17.Bxd4 Nxf4 18.Qxf4 Qxd4 19.Nf3 Nxf3+ 20.Qxf3 Rac8 21.Bc4 Bxc4 22.bxc4
Rxc4 23.Ne2 Rxc1+ 24.Nxc1 Re8 {#R} 0-1

[Event "It (open) \"]
[Site "Chicago (USA)"]
[Round "3"]
[White "Sandrin Angelo"]
[Black "Schiller Eric (USA)"]
[Result "0-1"]
[WhiteElo "2200"]
[BlackElo "2109"]

1.d4 Nf6 2.c4 d6 3.Nc3 Bf5 4.f3 e5 5.dxe5 dxe5 6.Qb3 Qc8 7.e4 Be6 8.Qb5+ Nfd7
9.Be3 Nc6 10.Rd1 a6 11.Qa4 Bb4 12.Qc2 O-O 13.Kf2 Nd4 14.Bxd4 exd4 15.Nd5 Bxd5
16.cxd5 c6 17.dxc6 bxc6 18.Bd3 Ne5 19.Ne2 c5 20.Rc1 Rd8 21.Nf4 Qb8 22.Nd5 Qd6
23.Rhd1 Rab8 24.Kg1 Qh6 25.Qf2 Nxd3 {#R} 0-1

[Event "It (open)"]
[Site "New York (USA)"]
[Round "0"]
[White "Morovic Fernandez Ivan (CRO)"]
[Black "Shirazi Kamran (FRA)"]
[Result "1-0"]
[WhiteElo "2545"]
[BlackElo "2376"]

1.d4 Nf6 2.c4 d6 3.Nc3 Bf5 4.f3 e5 5.e4 exd4 6.Qxd4 Be6 7.Bg5 Be7 8.b3 O-O
9.Nge2 c6 10.Rd1 a6 11.Bf4 c5 12.Qd2 Nc6 13.Nd5 Bxd5 14.cxd5 Na7 15.Ng3 Ne8
16.Nf5 Bf6 17.g4 Nb5 18.Bxb5 axb5 19.g5 Be5 20.Bxe5 dxe5 21.d6 Kh8 22.h4 g6
23.Nh6 Ra6 24.d7 Nd6 25.Qc3 f6 26.gxf6 Qxd7 27.Qxe5 Qe8 28.Qe7 {#r} 1-0